|
|
|
|
| LEADER |
00000nam a2200000Ii 4500 |
| 001 |
DIGHERDER0275 |
| 003 |
NyNyDIG |
| 007 |
cr ||||||||||| |
| 008 |
220420s2017 sp a ob 001 0 spa d |
| 006 |
m o d |
| 035 |
|
|
|a (OCoLC)1335130561
|
| 040 |
|
|
|a DGITA
|b eng
|e rda
|e pn
|c DGITA
|
| 020 |
|
|
|a 9788425438103
|q eBook
|q ePub
|
| 020 |
|
|
|z 9788425438110
|
| 041 |
1 |
|
|a spa
|h eng
|
| 043 |
|
|
|a n-us---
|
| 050 |
1 |
4 |
|a JC599.U5 ebook
|
| 100 |
1 |
|
|a Sunstein, Cass R.
|e author.
|
| 240 |
1 |
0 |
|a Why nudge?
|l Spanish
|s (Palacio Avendaño)
|
| 245 |
1 |
0 |
|a Paternalismo libertario :
|b ¿por qué un empujoncito? /
|c Cass R. Sunstein, Conferencias Storr sobre Jurisprudencia, Escuela de Derecho de Yale 2012 ; traducción de Martha Palacio Avendaño.
|
| 250 |
|
|
|a 1a. edición digital.
|
| 264 |
|
1 |
|a Barcelona :
|b Herder,
|c 2017.
|
| 300 |
|
|
|a 1 online resource :
|b illustrations.
|
| 336 |
|
|
|a text
|b txt
|2 rdacontent
|
| 337 |
|
|
|a computer
|b c
|2 rdamedia
|
| 338 |
|
|
|a online resource
|b cr
|2 rdacarrier
|
| 347 |
|
|
|a text file
|2 rdaft
|
| 347 |
|
|
|b EPUB
|
| 490 |
1 |
|
|a Pensamiento Herder
|
| 504 |
|
|
|a Includes index.
|
| 588 |
0 |
|
|a Online resource; title from ePub title page (Digitalia, viewed April 20, 2022)
|
| 650 |
|
0 |
|a Paternalism
|x Political aspects
|z United States.
|
| 650 |
|
0 |
|a Psychoanalytic libertarianism
|z United States.
|
| 650 |
|
0 |
|a Consumer behavior
|x Political aspects
|z United States.
|
| 650 |
|
0 |
|a Choice (Psychology)
|x Economic aspects
|z United States.
|
| 655 |
|
0 |
|a Electronic books.
|
| 700 |
1 |
|
|a Palacio Avendaño, Martha,
|e translator.
|
| 700 |
1 |
|
|i Translation of:
|a Sunstein, Cass R.
|t Why nudge?
|
| 711 |
2 |
|
|a Conferencias Storr sobre Jurisprudencia.
|c Escuela de Derecho de Yale.
|d 2012
|j author.
|
| 791 |
2 |
|
|a Digitalia (Firm),
|e distributor.
|
| 793 |
0 |
|
|g Digitalia eBook Collection:
|a Herder Editorial
|
| 776 |
0 |
8 |
|i Print version:
|a Sunstein, Cass R.
|s Why nudge? Spanish (Palacio Avendaño).
|t Paternalismo libertario.
|d Barcelona : Herder, 2017
|z 9788425438110
|
| 830 |
|
0 |
|a Pensamiento Herder.
|
| 856 |
4 |
0 |
|3 Digitalia Hispánica
|u https://www.digitaliapublishing.com/a/61293/
|
| 910 |
|
|
|a Premium collection: 2022
|